LEADER 00999nam a2200253 i 4500 001 000000159739 003 CaOOAMICUS 005 20070302000000.0 008 070302s1995 it u000 u ita u 013 $a137102 020 $a88-18-93005-2 040 $aSeMil$bita 100 1 $aBlignaut, Hélène.$0(OLS)http://semarc/name/41962 245 13$aLa scala di vetro :$bil romanzo della vita di Biki /$cHélène Blignaut. 260 $aMilano :$bRusconi,$cCopyr. 1995. 300 $a217 p., [28] fotografie ;$c22 cm. 490 0 $aMemorie del Novecento 830 0$aMemorie del Novecento.$0(OLS)http://semarc/title/18008 850 $aSeMil 852 $aSeMil$W1$xVenegono$y1$m1U III 39$j111269$B111269$CSeMilBibl$Z2$F121985 $81 961 $aOmaggio: Altro 996 $6020$a88-18-93005-2$9(OLS)http://semarc/number/75371 996 $6245$aLa scala di vetro :$bil romanzo della vita di Biki$9(OLS)http://semarc/title/141932 996 $6260$aMilano :$bRusconi$9(OLS)http://semarc/publisher/30258 LEADER 00593nas a2200157 i 4500 001 000000008491 003 CaOOAMICUS 005 20180830125439.0 008 180830n it u0 ita u 040 $aSeMil$bita 245 10$aSupersaggi. 260 $aMilano :$bBiblioteca Universale Rizzoli,$c[19--] 300 $av. ;$c20 cm. 774 0 $aScullard, Howard Hayes <1903-1983>$tStoria del mondo romano.$dMilano : RCS Rizzoli Libri, 1992.$g74-75$w()1525 996 $6245$aSupersaggi$9(OLS)http://semarc/title/11268 996 $6260$aMilano :$bBiblioteca Universale Rizzoli$9(OLS)http://semarc/publisher/31907